[Event "Wattens op 11th"]
[Site "Wattens"]
[Date "1996.??.??"]
[Round "7"]
[White "Hofmann, Matthias"]
[Black "Thielen, Dankward"]
[Result "0-1"]
[WhiteElo "1855"]
[BlackElo "2135"]
[PlyCount "71"]
[EventDate "1996.??.??"]
[EventType "swiss"]
[EventRounds "9"]
[EventCountry "AUT"]
[SourceTitle "EXT 2000"]
[Source "ChessBase"]
[SourceDate "1999.11.16"]
[SourceVersion "1"]
[SourceVersionDate "1999.11.16"]
[SourceQuality "1"]

1. d4 e6 2. e4 d5 3. exd5 exd5 4. Nf3 Nc6 5. Bd3 Bg4 6. c3 Bd6 7. 0-0 Nge7 8. Re1 Qd7 9. Nbd2 0-0-0 10. b4 Rde8 11. b5 Nd8 12. c4 dxc4 13. Nxc4 Ng6 14. Rxe8 Rxe8 15. Nxd6+ Qxd6 16. Be3 Kb8 17. h3 Bc8 18. a4 Nf4 19. b6 axb6 20. a5 b5 21. Bxb5 c6 22. Bc4 Nd5 23. Bxd5 Qxd5 24. Bf4+ Ka8 25. Bc7 Ne6 26. Bb6 Nf4 27. Qa4 Ne2+ 28. Kh1 Nc3 29. Qc2 Nb5 30. Ne5 f6 31. a6 fxe5 32. axb7+ Kxb7 33. Bc5 exd4 34. Bb4 Bxh3 35. f3 Bc8 36. Qa4 0-1

[Event "Wattens op 09th"]
[Site "Wattens"]
[Date "1994.??.??"]
[Round "5"]
[White "Hofmann, Matthias"]
[Black "Pieper, Harald"]
[Result "1-0"]
[WhiteElo "1805"]
[BlackElo "1700"]
[PlyCount "39"]
[EventDate "1994.??.??"]
[EventType "swiss"]
[EventRounds "9"]
[EventCountry "AUT"]
[SourceTitle "EXT 2000"]
[Source "ChessBase"]
[SourceDate "1999.11.16"]
[SourceVersion "1"]
[SourceVersionDate "1999.11.16"]
[SourceQuality "1"]

1. e4 Nf6 2. e5 Nd5 3. d4 d6 4. c4 Nb6 5. f4 dxe5 6. fxe5 Nc6 7. Be3 Bf5 8. Nc3 e6 9. Nf3 Be7 10. Bd3 Bxd3 11. Qxd3 0-0 12. 0-0 Nb4 13. Qe2 c6 14. Ne4 Qc7 15. Nfg5 h6 16. Qh5 hxg5 17. Bxg5 f6 18. exf6 Bxf6 19. Nxf6+ gxf6 20. Bxf6 1-0